01252nam a22002177a 45000010005000000030006000050050017000110080041000280200018000690400029000870500016001160820009001321000019001412450055001602500041002152600034002563000023002905200656003136500041009696500024010107329FISKH20250709145156.0250709b cb ||||| |||| 00| 0 eng d a9780545665872 aFISKHbengcFISKHdFISKH aPZ7.W3213 L a 481 aWatkins, Steve aGhosts of war :bLost at Khe Sanh /cSteve Watkins aThis edition first published in 2015 aNew York :bScholastic,c2015 a198 pages :c20 cm a"Anderson finds himself drawn to the old trunk of military relics in the basement of his family's junk shop again. His friends Greg and Julie warn him to stay away from it, but he can't help himself. This time Anderson discovers an old grenade with a strange message scratched into it. But an old grenade is dangerous ... especially when the ghost of a soldier appears, claiming that it's his lucky grenade during his service in the Vietnam War. What does this ghost want from Anderson, Greg, and Julie? Is he here for their help--or for something more sinister? It's a race against time as the friends work to solve the mystery!"--Page [4] of cover.  2Historical fictionaJuvenile fiction 2Vietnam WaraGhosts